|
|
|
|
| LEADER |
01513nam a22002777a 4500 |
| 001 |
31760 |
| 003 |
BD-DhAAL |
| 005 |
20170702120731.0 |
| 008 |
170531s2013 ko ||||| |||| 00| 0 mul d |
| 999 |
|
|
|c 38170
|d 38170
|
| 020 |
|
|
|a 978899400699
|
| 040 |
|
|
|a BD-DhAAL
|c BD-DhAAL
|
| 082 |
|
|
|2 23
|a 895.708004
|
| 100 |
|
|
|a Sok-ze, Song
|9 21678
|
| 245 |
|
|
|a In the shade of the oleander /
|c Song Sok-ze, translated by Jeon Seung-hee
|
| 260 |
|
|
|a Seoul :
|b Asia Publishers,
|c 2013
|
| 300 |
|
|
|a 107 pages :
|c 19 cm.
|
| 526 |
|
|
|a ENH
|
| 541 |
|
|
|e 31759, 31760. 31761. 31762
|
| 650 |
|
|
|a Korean literature
|y 20th century
|9 21705
|
| 852 |
|
|
|a Ayesha Abed Library
|c General Stacks
|
| 942 |
|
|
|2 ddc
|c BK
|
| 952 |
|
|
|0 0
|1 0
|2 ddc
|4 0
|6 895_708004000000000_SOK
|7 0
|9 60853
|a BRACUL
|b BRACUL
|c GEN
|d 2017-07-02
|e Complimentary copy from ENH Department
|l 2
|o 895.708004 SOK
|p 3010031758
|r 2024-04-25
|s 2024-03-25
|t 1
|w 2017-07-02
|y BK
|
| 952 |
|
|
|0 0
|1 0
|2 ddc
|4 0
|6 895_708004000000000_SOK
|7 0
|9 60854
|a BRACUL
|b BRACUL
|c GEN
|d 2017-07-02
|e Complimentary copy from ENH Department
|l 0
|o 895.708004 SOK
|p 3010031759
|r 2017-07-02
|t 2
|w 2017-07-02
|y BK
|
| 952 |
|
|
|0 0
|1 0
|2 ddc
|4 0
|6 895_708004000000000_SOK
|7 0
|9 60855
|a BRACUL
|b BRACUL
|c GEN
|d 2017-07-02
|e Complimentary copy from ENH Department
|l 2
|m 3
|o 895.708004 SOK
|p 3010031760
|r 2025-08-04
|s 2025-07-21
|t 3
|w 2017-07-02
|y BK
|
| 952 |
|
|
|0 0
|1 0
|2 ddc
|4 0
|6 895_708004000000000_SOK
|7 0
|9 60856
|a BRACUL
|b BRACUL
|c GEN
|d 2017-07-02
|e Complimentary copy from ENH Department
|l 3
|m 5
|o 895.708004 SOK
|p 3010031761
|r 2025-09-20
|s 2025-08-18
|t 4
|w 2017-07-02
|y BK
|